00370nam a2200133Ia 4500008004100000020001800041041001200059100001700071245006300088250000900151260004600160300000800206650002200214221030s9999 xx 000 0 und d a9788194833062 aEnglish aS. K. Kapoor 0aInternational Law & Human Rights 22nd Ed.cby S. K. Kapoor a22nd bCentral Law PublicationsaPrayagrajc2022 a982 aInternational Law